| 000 | 00758nam a22001817a 4500 | ||
|---|---|---|---|
| 005 | 20120309111621.0 | ||
| 020 |
_c000.00 _a |
||
| 035 | _aB-30223 | ||
| 037 |
_b _adpl |
||
| 082 | _a260 | ||
| 100 |
_aजोशी, महेन्द्र सिंह _943619 |
||
| 245 | 1 |
_aगुरू अर्जुन देव / _cमहेन्द्र सिंह जोशी |
|
| 260 |
_a अमृतसर _bराधास्वामी सत्संग ब्यास _c2000 |
||
| 270 |
_a _b _e _k |
||
| 300 |
_a312पृ. _c22सेमी (अजिल्द) |
||
| 942 |
_adpl _cHN _k _2ddc _h239 _mजोशीम |
||
| 999 |
_c63878 _d63878 |
||